Geography Quiz

Random Geography or World Quiz

Geography Labyrinth Quiz Stats

 Plays Quiz Updated May 21, 2018

Score 0/54 Timer 06:00
15 Plays Today
blnk ans % Correct




In which U.S. city would you find the Alamo?
97.4%




On which continent is the south pole located?
97.4%




What is the most populous country in the world?
97.3%




What is the longest river in the world?
89.7%




The country Myanmar was formerly known as what?
88.9%




The island nation Malta is located in which body of water?
88.3%




In which U.S. State would you find Mount Rushmore?
76.6%




Islamabad is the capital of which country?
73.9%




Which ocean is the smallest?
72.6%




In which city would you find Red Square?
70.3%




Which mountain range lies on the border between Spain and France?
70.2%




Which city hosted the 2012 Summer Olympics?
67.8%




What is the largest city in Florida, by population?
67.5%




On which island is Wales primarily located?
64.6%




Haiti & Dominican Rep. compose which island?
64.6%




What is the largest city of Brazil, by population?
63%




 What is the smallest country of Oceania, by area?
63%




What is the only country with a non-quadrilateral flag?
59.6%




How many Australian states are there?
54.2%




What is the highest mountain in North America?
51%




What is the capital of Hungary?
50.8%




From which country did Columbus sail to the Americas?
49.7%




Which Mexican peninsula is home to Chichen Itza?
48.2%




Which country's name contains 3 P's?
47%




2004 Oscar-nom. film details 90's genocide in this country?
43%




Which island chain lies just to the south of St. Vincent?
42.3%




What is the sea between Russia and the USA?
41.1%
blnk ans % Correct




On which island of Hawaii is Honolulu located?
39.6%




In which country is Mount Kilimanjaro located?
36.9%




Edmonton is in which Canadian province/territory?
36.3%




What is the only Communist country outside Asia?
36%




What year were the final 2 states admitted to the United States?
35.7%




What is the native country of the Maori people?
35.6%




Which Italian city is considered the birthplace of pizza?
33.1%




What is the largest island of Japan, by area?
32%




The capital of Liberia is named after which U.S. President?
32%




The Northern Mariana Islands are a territory of which country?
30.8%




Desert known as the driest desert in the world?
30.8%




In which modern country were the Hanging Gardens of Babylon?
28.9%




What is the largest city in Scotland, by population?
27.2%




Country affected by a magnitude 8.8 earthquake in 2010?
26.9%




To complete the maze: Name any two capitals of South Africa, separated only by a space.
26.2%




Which western hemisphere capital is the highest in the world?
25%




Which Middle Eastern sea is also known as the Salt Sea?
23.8%




17.8%




17.8%




17.8%




17.8%




17.8%




17.8%




17.8%




17.8%




17.8%




17.8%

You're not logged in!

Compare scores with friends on all Sporcle quizzes.
OR
Log In

You Might Also Like...

Show Comments

Extras

Top Quizzes Today


Score Distribution

Your Account Isn't Verified!

In order to create a playlist on Sporcle, you need to verify the email address you used during registration. Go to your Sporcle Settings to finish the process.

Report this User

Report this user for behavior that violates our Community Guidelines.

Details: